| Поле | Название | Значение |
| |
Тип записи |
a |
| |
Библиографический уровень |
m |
| 001 |
Контрольный номер |
RU/CBS_UL/BASE/41947f44bdf2450882c9c505d574823f |
| 005 |
Дата корректировки |
20260130164558.1 |
| 010 |
Индекс ISBN |
__ |
| d |
Цена |
28 р. 00 к. |
| 9 |
Тираж |
экз. |
| 100 |
Данные общей обработки |
__ |
| a |
Данные общей обработки |
20170822d2017 ||| 0rusy0189 ca |
| 101 |
Язык документа |
0_ |
| a |
Язык текста |
rus |
| 102 |
Страна публикации |
__ |
| a |
Страна публикации |
RU |
| 105 |
Кодированные данные (монография) |
__ |
| a |
Кодированные данные (монография) |
y###||||000|y |
| 200 |
Заглавие и сведения об ответственности |
1_ |
| a |
Заглавие |
Биология - 8. Человек |
| e |
Сведения, относящиеся к заглавию |
методическое пособие для учителя |
| f |
Первые сведения об ответственности |
Р. Д. Маш, Н. А. Пугал, А. Г. Драгомилов |
| 210 |
Выходные данные |
1_ |
| a |
Место издания |
Москва |
| c |
Издательство |
АРКТИ |
| d |
Дата издания |
1998 |
| 215 |
Физическое описание |
__ |
| a |
Объем |
164 с. |
| d |
Формат |
см. |
| 225 |
Серия |
2_ |
| a |
Серия |
Методическая библиотека |
| 300 |
Общие примечания |
__ |
| a |
Общие примечания |
18+ |
| 606 |
Тематические рубрики |
0_ |
| a |
Основная рубрика |
Биология - Пособия для учителей |
| 610 |
Ключевые слова |
0_ |
| a |
Ключевые слова |
биология |
| a |
Ключевые слова |
пособия методические; пособия для учителей; биология человека |
| a |
Ключевые слова |
человек |
| 686 |
Индексы других классификаций |
__ |
| a |
Классификационный индекс |
74.262.8 |
| 2 |
Код системы |
ББК |
| 700 |
Автор |
_1 |
| a |
Фамилия |
Маш |
| b |
Имя (инициалы) |
Р. Д. |
| g |
Полное личное имя |
Реми Давидович |
| 701 |
Альтернативная интеллектуальная ответственность |
_1 |
| a |
Фамилия |
Пугал |
| b |
Имя (инициалы) |
Н. А. |
| 701 |
Альтернативная интеллектуальная ответственность |
_1 |
| a |
Фамилия |
Драгомилов |
| b |
Имя (инициалы) |
А. Г. |
| 801 |
Источник записи |
_0 |
| a |
Страна |
RU |
| b |
Организация |
МБУК ЦБС |
| c |
Дата составления |
20170822 |
| g |
Правила каталогизации |
RCR |
| 801 |
Источник записи |
_1 |
| a |
Страна |
RU |
| b |
Организация |
МБУК ЦБС г. Ульяновска |
| c |
Дата составления |
20170822 |
| g |
Правила каталогизации |
RCR |
| 852 |
Данные о местонахождении |
__ |
| i |
Авторский знак |
М 38 |
| j |
Шифр хранения |
74.26 |
| 901 |
Тип документа |
__ |
| t |
Тип документа |
m |
| 910 |
Корректоры записи |
__ |
| a |
Корректор записи |
Скрипина |